000 01037nam a2200289 i 4500
001 000027503
003 DO-SdBNP
005 20250313144938.0
007 ta
008 110401s1988 dr c 000 0 spa d
040 _aDO-SdBNP
_bspa
_cBNPHU
_erda
049 _aBNPD
082 4 _222
_axxx
_bxxx
100 1 _aPérez, Juan Manuel,
_954587
_qFray
245 1 0 _aEstos ¿no son hombres? :
_blectura actual del proyecto Apóstolico de la Primera Comunidad de Dominicos en el Nuevo Mundo /
_cJuan Manuel Pérez ; prólogo, Vicente Rubio
250 _asegunda edición
264 _aSanto Domingo :
_bFundación García Arévalo,
_c1988.
300 _a176 páginas :
_bretratos ;
_c21 cm.
336 _atexto
_btxt
_2rdacontent
337 _asin mediación
_bn
_2rdamedia
338 _avolumen
_bnc
_2rdacarrier
490 _aMonográfica
_v16
500 _aIncluye referencias bibliográficas y notas al pie de las páginas
590 _aInventariado, 2024/BT
700 1 _aRubio, Vicente,
_eprologuista
_925473
_4pr.
942 _2ddc
_cLBS1
999 _c26995
_d26995